000 00801cab a2200265 4500
001 WB2915-04
008 090401t1993 xxu||||| |||| 00| 0 eng d
035 _a(Sirsi) u5760
041 _aeng
245 _aTarmac to hand over 50% of PSA
260 _c1993
350 _a0
490 _aBuilding
_v258(7790) 16 April 1993, 7
490 _aFinancial Times
_v17 April 1993, 22(1)
520 _aA US construction consultancy, Black & Veatch, is to take a 50% stake in Tarmac`s PSA Projects in return for £50m a year in fee income by 1995.
650 _aBLACK & VEATCH
650 _aCONSTRUCTION COMPANIES
650 _aPRIVATISATION
650 _aPSA PROJECTS
650 _aTARMAC
690 _aBUILT ENVIRONMENT
690 _aPROFESSIONAL PRACTICE
942 _n0
948 _c04/03/1997
999 _c3435
_d3435